000 01091nam a2200277Ia 4500
003 OSt
005 20221005104941.0
006 a|||||r|||| 00| 0
007 ta
008 221004b |||||||| |||| 00| 0 hin d
020 _a818599935X (hbk)
_c250
024 _a100023
037 _b372-A, 04/03/2010, Swaraj Prakashan
_cTextual
040 _aCRL
_cCRL
_bhin
041 _2hin
_ahin
082 _aO152:g, P1
100 _aचौहान, शिवदान सिंह
245 0 _aआलोचना के सिद्धांत
246 _aĀlochanā ke siddhāanta
260 _aदिल्ली
_bस्वराज प्रकाशन भारत
_c2001
300 _a168पृ0
_ccm.
650 _aहिन्दी साहित्य
700 _a शर्मा, विष्णुचंद्र, संपा.
942 _hO152:g, P1
_cTEXL
_2cc
999 _c1014288
_d1014288